LEADER 00841nam a2200229 i 4500 001 000000042692 003 CaOOAMICUS 005 20200528144242.0 008 090727s1931 fr u000 u fre u 013 $a13862 040 $aSeMil$bita 100 1 $aGoyau, Georges <1869-1939>.$0(OLS)http://semarc/name/7044 245 13$aLe catholicisme /$cpar Georges Goyau. 260 $aParis :$bF. Alcan,$c1931. 300 $aVIII, 301 p. ;$c18 cm. 650 4$aCattolicesimo.$0(OLS)http://semarc/subject/2438 830 4$aLes religions [F. Alcan].$0(OLS)http://semarc/title/429424 850 $aSeMil 852 $aSeMil$W1$xVenegono$y1$m2B I 181$j8847$B8847$CSeMilBibl$Z2$F8847 $81 996 $6245$aLe catholicisme$9(OLS)http://semarc/title/62372 996 $6260$aParis :$bF. Alcan$9(OLS)http://semarc/publisher/29951 LEADER 00715nam a2200181 i 4500 001 000000161091 003 CaOOAMICUS 005 20260317142821.0 008 070430s2007 it u000 u ita u 040 $aSeMil$bita 245 10$a16: Musica: A-O. 300 $a646 p., [30] p. di tav. :$bill. ;$c22 cm 650 4$aMusica - Enciclopedie e dizionari.$0(OLS)http://semarc/subject/191 773 0 $tEnciclopedia tematica.$dMilano : Corriere della Sera, 2006-2007.$kGrandi collane del Corriere della Sera$gVol.16$w()17184 850 $aSeMil 852 $aSeMil$W1$xVenegono$y1$mSL1.L II 32$j268599$B112524$CSeMilBibl$Z2$F123285 $8I 996 $6245$a16: Musica: A-O$9(OLS)http://semarc/title/458682